| Tag |
First Indicator |
Second Indicator |
Subfields |
| LEADER |
00000cam a2200000Ii 4500 |
| 001 |
in00004092313 |
| 006 |
m o d |
| 007 |
cr cnu|||unuuu |
| 008 |
181217s2019 enk ob 001 0 eng d |
| 005 |
20250816191123.5 |
| 020 |
|
|
|a 9780429674501
|q (electronic bk.)
|
| 020 |
|
|
|a 0429674503
|q (electronic bk.)
|
| 020 |
|
|
|z 9780367027674
|
| 020 |
|
|
|a 9780429674518
|q (electronic bk.)
|
| 020 |
|
|
|a 0429674511
|q (electronic bk.)
|
| 020 |
|
|
|z 0367027682
|
| 020 |
|
|
|z 9780367027681
|
| 024 |
8 |
|
|a 99982388234
|
| 035 |
|
|
|a (NhCcYBP)ybp15686570
|
| 040 |
|
|
|a NhCcYBP
|c NhCcYBP
|d UtOrBLW
|
| 050 |
|
4 |
|a BF175.5.O24
|b S78 2019
|
| 072 |
|
7 |
|a PSY
|x 029000
|2 bisacsh
|
| 082 |
0 |
4 |
|a 150.19/5
|2 23
|
| 245 |
0 |
0 |
|a Studying Lacan's Seminars IV and V :
|b from lack to desire /
|c edited by Carol Owens and Nadezhda Almqvist.
|
| 264 |
|
1 |
|a London :
|b Routledge, Taylor & Francis Group,
|c 2019.
|
| 300 |
|
|
|a 1 online resource.
|
| 336 |
|
|
|a text
|b txt
|2 rdacontent
|
| 337 |
|
|
|a computer
|b c
|2 rdamedia
|
| 338 |
|
|
|a online resource
|b cr
|2 rdacarrier
|
| 588 |
0 |
|
|a Online resource ; title from PDF title page (EBSCO, viewed December 19, 2018).
|
| 504 |
|
|
|a Includes bibliographical references and index.
|
| 500 |
|
|
|a Electronic resource.
|
| 600 |
1 |
0 |
|a Lacan, Jacques,
|d 1901-1981.
|0 http://id.loc.gov/authorities/names/n80022983
|
| 650 |
|
0 |
|a Object relations (Psychoanalysis)
|0 http://id.loc.gov/authorities/subjects/sh85093655
|
| 650 |
|
0 |
|a Subconsciousness.
|0 http://id.loc.gov/authorities/subjects/sh85129414
|
| 655 |
|
7 |
|a Electronic books.
|2 local
|
| 700 |
1 |
|
|a Owens, Carol
|c (Psychoanalyst),
|e editor.
|0 http://id.loc.gov/authorities/names/n2017188390
|
| 700 |
1 |
|
|a Almqvist, Nadezhda,
|e editor.
|0 http://id.loc.gov/authorities/names/n2019001253
|
| 710 |
2 |
|
|a Taylor & Francis.
|0 http://id.loc.gov/authorities/names/n84073022
|
| 776 |
1 |
8 |
|c Original
|z 0367027682
|z 9780367027681
|
| 856 |
4 |
0 |
|u http://proxy.library.tamu.edu/login?url=https://www.taylorfrancis.com/books/9780429397905
|z Connect to the full text of this electronic book
|t 0
|
| 955 |
|
|
|a YBP purchased firm e-records
|
| 980 |
|
|
|b 154.00
|g 1
|
| 999 |
f |
f |
|s 3dd7cd6a-70e3-37d5-8a45-fa36a31ef3aa
|i 456a5008-16e6-3f05-8ca2-7af041e54b78
|t 0
|
| 952 |
f |
f |
|a Texas A&M University
|b College Station
|c Electronic Resources
|d Available Online
|t 0
|e BF175.5.O24 S78 2019
|h Library of Congress classification
|
| 998 |
f |
f |
|a BF175.5.O24 S78 2019
|t 0
|l Available Online
|